000 01432nam0a2200337 i 4500
001 RU\NLR\BIBL_A\010709423
005 20240921194328.0
021 _aRU
_b2015-9123
_9565
035 _a(NILC)RuMoRGB-007870837
035 _a(NLR Aleph) 010709423
090 _a9762968
_c9762968
100 _a20150327d2015 u y0rusy50 ca
101 0 _arus
102 _aRU
105 _aa|||z||||||y|
200 1 _aПовреждения подшипников паровых турбин
_fА. Е. Языков, Б. Е. Мурманский
210 _aМосква
_cНТФ "Энергопрогресс"
_cЭнергетик
_d2015
215 _a93 с.
_cил.
_d20
225 1 _aБиблиотечка электротехника
_eприложение к журналу "Энергетик"
_vвып. 1 (193)
_x0013-7278
320 _aБиблиогр.: с. 92
606 1 _aПаровые турбины
_xПодшипники
_xАварии
_91812942
_3RU\NLR\AUTH\66818054
606 1 _aПаровые турбины
_xПодшипники
_xЗаливка баббитом
_91812956
_3RU\NLR\AUTH\66818062
686 1 _aЗ363.2-082.303
686 1 _aЗ363.2-063.011
700 1 _aЯзыков
_bА. Е.
_gАнатолий Евгеньевич
701 1 _aМурманский
_bБ. Е.
_gБорис Ефимович
801 0 _aRU
_bРГБ
_c20150218
_gRCR
942 _cBOOK
980 _aNBR